Temples of Deccan India: Hindu and Jain, 7th to 13th Centuries (Record no. 12691)

000 -LEADER
fixed length control field 00373 a2200145 4500
003 - CONTROL NUMBER IDENTIFIER
control field OSt
005 - DATE AND TIME OF LATEST TRANSACTION
control field 20240705125456.0
008 - FIXED-LENGTH DATA ELEMENTS--GENERAL INFORMATION
fixed length control field 240705b ||||| |||| 00| 0 eng d
020 ## - INTERNATIONAL STANDARD BOOK NUMBER
International Standard Book Number 9781788841382
100 ## - MAIN ENTRY--PERSONAL NAME
Personal name George Michell
245 ## - TITLE STATEMENT
Title Temples of Deccan India: Hindu and Jain, 7th to 13th Centuries
260 ## - PUBLICATION, DISTRIBUTION, ETC. (IMPRINT)
Name of publisher, distributor, etc Acc Art Books
Date of publication, distribution, etc 2021
300 ## - PHYSICAL DESCRIPTION
Extent 383p;
942 ## - ADDED ENTRY ELEMENTS (KOHA)
Source of classification or shelving scheme
Holdings
Withdrawn status Lost status Source of classification or shelving scheme Damaged status Koha normalized classification for sorting Not for loan Permanent location Current location Date acquired Source of acquisition Cost, normal purchase price Full call number Barcode Date last seen Cost, replacement price Price effective from Koha item type
        726_100000000000000   BMS College of Architecture, Design and Planning BMS College of Architecture, Design and Planning 2024-07-04 1 4541.63 726.1 AR-UG3884 2024-07-04 6055.50 2024-07-04 B.PLAN
Copyright © 2025, The Librarian, Library and Information Centre, BMSCA D&P, Bengaluru. All Rights Reserved
web counter

Powered by Koha